[Event "South America-ch (Women)"]
[Site "Lima"]
[Date "2023.09.21"]
[Round "8"]
[White "Aranda Pucuhuanca, Alessandra Micaela"]
[Black "Maravi Ceron, Ayme Jacqueline"]
[Result "0-1"]
[WhiteElo "1338"]
[BlackElo "1421"]
[PlyCount "44"]
[EventDate "2023.09.14"]
[EventType "swiss"]
[EventRounds "9"]
[EventCountry "PER"]
[SourceTitle "CBM 216 Extra"]
[Source "ChessBase"]
[SourceDate "2023.11.30"]
[SourceVersion "1"]
[SourceVersionDate "2023.11.30"]
[SourceQuality "1"]

1. e4 c5 2. Nf3 d6 3. d4 cxd4 4. Nxd4 Nf6 5. Nc3 a6 6. Be2 e5 7. Nb3 Be6 8. f4 b5 9. Bf3 Nc6 10. Nd5 a5 11. a4 b4 12. Be3 Rb8 13. Qd3 Ng4 14. Bxg4 Bxg4 15. Qa6 Qc8 16. Qxc8+ Rxc8 17. f5 f6 18. Bb6 Nd4 19. Nxd4 exd4 20. Kd2 Kd7 21. Bxd4 Re8 22. Rhe1 Re5 0-1

[Event "South America-ch (Women)"]
[Site "Lima"]
[Date "2023.09.17"]
[Round "4"]
[White "Aranda Pucuhuanca, Alessandra Micaela"]
[Black "Vizcarra Quispe, Ramalia Bellaluz"]
[Result "1-0"]
[WhiteElo "1338"]
[BlackElo "1546"]
[PlyCount "37"]
[EventDate "2023.09.14"]
[EventType "swiss"]
[EventRounds "9"]
[EventCountry "PER"]
[SourceTitle "CBM 216 Extra"]
[Source "ChessBase"]
[SourceDate "2023.11.30"]
[SourceVersion "1"]
[SourceVersionDate "2023.11.30"]
[SourceQuality "1"]

1. e4 g6 2. d4 Bg7 3. Nc3 d6 4. Nf3 Nf6 5. Bf4 Nh5 6. Qd2 Nxf4 7. Qxf4 h5 8. Rd1 0-0 9. h3 f6 10. Bc4+ Kh7 11. e5 g5 12. Qe4+ Kh6 13. g4 h4 14. e6 f5 15. Qe3 f4 16. Qe4 Rf6 17. Nxg5 Qf8 18. Qh7+ Kxg5 19. Ne4# 1-0

[Event "PER-ch (Women)"]
[Site "Lima"]
[Date "2023.09.02"]
[Round "6"]
[White "Aranda Pucuhuanca, Alessandra Micaela"]
[Black "Torres Ccahuay, Dayana Nievevska"]
[Result "0-1"]
[WhiteElo "1350"]
[BlackElo "1519"]
[PlyCount "98"]
[EventDate "2023.08.29"]
[EventType "swiss"]
[EventRounds "9"]
[EventCountry "PER"]
[SourceTitle "CBM 216 Extra"]
[Source "ChessBase"]
[SourceDate "2023.11.30"]
[SourceVersion "1"]
[SourceVersionDate "2023.11.30"]
[SourceQuality "1"]

1. e4 e5 2. Nf3 d6 3. d4 Nd7 4. Bc4 c6 5. 0-0 h6 6. Re1 Be7 7. b4 Ngf6 8. Bb2 0-0 9. Nc3 Qc7 10. a3 exd4 11. Nxd4 Ne5 12. Be2 a6 13. f4 Ng6 14. f5 Ne5 15. h3 b5 16. Nf3 c5 17. g4 cxb4 18. axb4 Bb7 19. Nxe5 dxe5 20. Bf3 Bxb4 21. Nd5 Nxd5 22. exd5 Bxe1 23. Qxe1 Bxd5 24. Qe3 Bxf3 25. Qxf3 Qc5+ 26. Kh1 Qxc2 27. Bxe5 Rfc8 28. f6 Qc6 29. Rf1 Qxf3+ 30. Rxf3 Re8 31. Bf4 Re6 32. g5 h5 33. fxg7 Kxg7 34. Kg2 h4 35. Rd3 a5 36. Kf3 a4 37. Kg4 a3 38. Bd2 Ra4+ 39. Kh5 b4 40. Rd4 a2 41. Bc3 bxc3 42. Rxa4 c2 43. Rxa2 c1Q 44. Rg2 Qd1+ 45. Rg4 Qd3 46. Rf4 Qh7+ 47. Kg4 Re4 48. Rxe4 Qxe4+ 49. Kh5 Qf4 0-1